000 01004nam a22003017a 4500
001 7749
003 FISKH
005 20250827091952.0
008 250805b cb ||||| |||| 00| 0 eng d
020 _a9780545518451
040 _aFISKH
_beng
_cFISKH
_dFISKH
050 _aPZ7.J4134 F
082 _a418
100 _aJenkins, Emily
245 _aFive creatures /
_cBy Emily Jenkins : Pictures by Tomek Bogacki
260 _aNew York :
_bScholastic ,
_c2001.
300 _a32 unnumbered pages :
_bcolor illustrations ;
_c28 cm .
505 _aG
520 _aIn words and pictures, a girl describes the three humans and two cats that live in her house, and details some of the traits that they share.
521 8 _a340
_bLexile AD
521 8 _aG
_bRaz-Plus
650 _aCounting
_vJuvenile Literature
650 _aFamily
_vJuvenile Literature
650 _aMath
_vJuvenile Literature
700 _aBogacki, Tomek
_eIllustrator
942 _2ddc
_cBK
_n0
999 _c7749
_d7749